000 00832nam a2200253Ia 4500
003 OSt
005 20220930085905.0
006 a|||||r|||| 00| 0
007 ta
008 220926b |||||||| |||| 00| 0 eng d
024 _a105331
037 _cTheses
040 _aCRL
_cCRL
_beng
041 _2eng
_aeng
100 _aJain Shubham
_9541460
110 _aUniversity of Delhi. Faculty of Medical Sciences. Department of Surgery
245 0 _aComparative study of harmonic scalpel assisted clipless laparoscopic cholecystectomy to clipped laparoscopic cholecystectomy
260 _c2009
650 _aSURGERY
700 _a Dr. Manoj Andley Gu.
700 _aUniversity of Delhi. Faculty of Medical Sciences. Department of Surgery
942 _cDIS
_2CC
999 _c879744
_d879744